| 000 | 00460 a2200169 4500 | ||
|---|---|---|---|
| 020 | _a0750636513 | ||
| 082 | _a657.2 | ||
| 090 |
_c7309 _d7309 |
||
| 100 | _aWhitehead, G. M. | ||
| 245 |
_aBook-keeping _bMade simple _cWhitehead, G. M. |
||
| 250 | _a5th ed. | ||
| 260 |
_aNew Delhi (India) _bMade Simple Books _c1997 |
||
| 300 |
_axiv, 378 p. ; _bill. ; _c25 cm. |
||
| 500 | _aIncludes index | ||
| 650 | _a1. Book-keeping--Great Britain. | ||
| 942 |
_cBK _k657.2 WHI |
||
| 999 |
_c11112 _d11112 |
||